60 minutes. Andy Rooney on the presidents he's met /

In this segment of 60 Minutes, commentator Andy Rooney looks back at some memorable and not so memorable presidential encounters.

Bibliographic Details
Other Authors: Rooney, Andrew A. (Speaker)
Format: Video
Language:English
Language Notes:In English.
Published: New York, NY : Columbia Broadcasting System, 2008.
Series:Academic Video Online
Subjects:
Online Access:Connect to this streaming video (Alexander Street Press)

MARC

Tag First Indicator Second Indicator Subfields
LEADER 00000cgm a2200000Mi 4500
001 in00005593021
006 m o c
007 cr |n||||||||a
007 vz |za|z|
008 180830s2008 nyu003 e o vueng d
005 20241201233536.5
035 |a (OCoLC)on1065000122 
040 |a ALSTP  |b eng  |e rda  |e pn  |c ALSTP  |d OCLCF  |d UPM  |d OCLCQ  |d OCLCO  |d CAUOI  |d OCLCO  |d UHL  |d OCLCQ  |d OCLCO  |d OCLCL  |d DXU 
019 |a 1113682599  |a 1373419247  |a 1444012700 
035 |a (OCoLC)1065000122  |z (OCoLC)1113682599  |z (OCoLC)1373419247  |z (OCoLC)1444012700 
043 |a n-us--- 
049 |a TXAM 
245 0 0 |a 60 minutes.  |p Andy Rooney on the presidents he's met /  |c produced by Columbia Broadcasting System. 
246 3 0 |a Andy Rooney on the presidents he's met 
264 1 |a New York, NY :  |b Columbia Broadcasting System,  |c 2008. 
300 |a 1 online resource (3 min.) 
306 |a 000231 
336 |a two-dimensional moving image  |b tdi  |2 rdacontent 
337 |a computer  |b c  |2 rdamedia 
337 |a video  |b v  |2 rdamedia 
338 |a online resource  |b cr  |2 rdacarrier 
347 |a video file  |2 rda 
490 0 |a Academic Video Online 
500 |a Title from resource description page (viewed October 19, 2018). 
520 |a In this segment of 60 Minutes, commentator Andy Rooney looks back at some memorable and not so memorable presidential encounters. 
546 |a In English. 
650 0 |a Presidents  |z United States. 
650 6 |a Présidents  |z États-Unis. 
650 7 |a Presidents.  |2 fast  |0 (OCoLC)fst01075723 
651 7 |a United States.  |2 fast  |0 (OCoLC)fst01204155  |1 https://id.oclc.org/worldcat/entity/E39PBJtxgQXMWqmjMjjwXRHgrq 
655 7 |a Television news programs.  |2 fast  |0 (OCoLC)fst01710455 
655 7 |a Television news programs.  |2 lcgft 
655 7 |a Téléjournaux.  |2 rvmgf 
700 1 |a Rooney, Andrew A.,  |e speaker. 
710 2 |a CBS Inc.,  |e production company. 
856 4 0 |u http://proxy.library.tamu.edu/login?url=https://www.aspresolver.com/aspresolver.asp?MARC;3163410  |z Connect to this streaming video (Alexander Street Press)  |t 0 
955 |a Alexander Street Press subscription streaming video 
994 |a 92  |b TXA 
999 f f |s 5290268c-5208-4d4a-bc40-6def059d0b2e  |i 7fe5af84-7d96-4b55-9b2c-6c15e8f7dc3d  |t 0 
952 f f |a Texas A&M University  |b College Station  |c Electronic Resources  |d Available Online  |t 0  |h Library of Congress classification 
998 f f |t 0  |l Available Online